Un pueblo donde no pasaba nada (Record no. 148717)

MARC details
000 -LEADER
campo de control de longitud fija 00554nam a2200169 4500
001 - NÚMERO DE CONTROL
campo de control 148717
003 - IDENTIFICADOR DE NÚMERO DE CONTROL
campo de control ES-MaACL
005 - FECHA Y HORA DE LA ÚLTIMA TRANSACCIÓN
campo de control 20230906202756.0
007 - CAMPO FIJO DE DESCRIPCIÓN FÍSICA--INFORMACIÓN GENERAL
campo de control de longitud fija t|
008 - DATOS DE LONGITUD FIJA--INFORMACIÓN GENERAL
campo de control de longitud fija 070214s1962 cu r ||||1| spa d
100 1# - ENTRADA PRINCIPAL--NOMBRE DE PERSONA
Nombre de persona Suárez Solís, Rafael.
9 (RLIN) 108660
245 13 - MENCIÓN DEL TÍTULO
Título Un pueblo donde no pasaba nada
Resto del título : (novela del tiempo quieto) /
Mención de responsabilidad, etc. Rafael Suárez Solís.
260 ## - PUBLICACIÓN, DISTRIBUCIÓN, ETC.
Lugar de publicación, distribución, etc. La Habana :
Nombre del editor, distribuidor, etc. Universidad Central de las Villas,
Fecha de publicación, distribución, etc. 1962.
300 ## - DESCRIPCIÓN FÍSICA
Extensión 213 p. ;
Dimensiones 21 cm.
710 2# - ENTRADA AGREGADA--NOMBRE DE ENTIDAD CORPORATIVA
Nombre de entidad corporativa o nombre de jurisdicción como elemento de entrada Universidad Central de Las Villas.
9 (RLIN) 7082
852 ## - LOCALIZACIÓN
Ubicación ES-MaACL
Número de control de estantería C-23502
Sublocalización o colección R.52134
Holdings
Estatus retirado Estado de pérdida Estado de daño No para préstamo Biblioteca de origen Biblioteca actual Ubicación en estantería Fecha de adquisición Fuente de adquisición Total de préstamos Signatura topográfica completa Código de barras Visto por última vez Precio de reemplazo Tipo de ítem Koha
        Biblioteca del Ateneo de Madrid Biblioteca del Ateneo de Madrid Depósito 2 17/01/2008     C-23502 1155197 23/02/2023 23/02/2023 Libro impreso